000 00961nam a22002531u 4500
001 12262
003 HDC
007 cr bn ---
008 210209p2003 my eng
040 _aHDC
100 _aChua, Hun Pin,
_eauthor
_912764
245 0 _aKesan kematangan dan musim terhadap komposisi nutrien herba ubatan dan masakan Sarawak: kacangma (Leonurus sibiricus L.) /
_cby Chua Hun Pin dan Aminah Abdullah
260 _aSerdang :
_bMalaysian Agricultural Research and Development Institute (MARDI),
_c2003
300 _a1 page
336 _atext
_2rdacontent
337 _acomputer
_2rdamedia
338 _aonline resource
_2rdacarrier
650 _aLeonurus sibiricus
_912570
650 _aNutrient
_912765
856 _zRequest full-text at [email protected]
942 _2lcc
942 _cAR
942 _kJART 003059
999 _c9585
_d9585